000 00902nam a2200229 a 4500
005 20140412111244.0
008 001111s19uu xx 00 eng d
020 _a0-916-392-28-7
050 _aREF 303.3
_bJ63 1978
100 _aJohnson, Spencer
245 _aThe Value of sharing :
_bthe story of the Mayo brothers /
_cSpencer Johnson ; illustrated by Steve Pillegi.
260 _aLa Jolla, CA :
_bValue Comm., Inc. Pub,
_c1978.
300 _a63 p. ; col. ; ill.
440 _aA Value Tale Series
520 _aThe Mayo brothers, knowing the importance of sharing, enter a career in which they can share their knowledge and skills, and money with sick people and other doctors.
650 _aMay, Charles Horace, 1865-1939
650 _aMayo, William James, 1861-1939
650 _aSharing
650 _aSurgeon--Minnesota--Rochester--Biography
650 _aPhysicians
999 _c102847
_d102847